| 000 | 01022cam a2200241 4500 | ||
|---|---|---|---|
| 001 | WB3901-40 | ||
| 008 | 021217n2002 000 0 eng u | ||
| 035 | _a(Sirsi) u120812 | ||
| 245 | _aBan on spreading untreated organic waste | ||
| 260 | _c2002 | ||
| 490 |
_aScottish Executive News Release _v 16 December 2002 (2) |
||
| 520 | _aDeputy Minister for Environment and Rural Development Allan Wilson announced plans of a consultation on proposed amendments to the Waste Management Licensing Regulations 1994. The amendment will ban the practise of spreading untreated organic waste on land. For Scottish Executive news release http://www.scotland.gov.uk/pages/news/2002/12/SEen271.aspx | ||
| 590 | _aWB | ||
| 650 | _aSCOTTISH EXECUTIVE | ||
| 650 | _aSCOTLAND | ||
| 650 | _aORGANIC WASTE | ||
| 650 | _aWASTE MANAGEMENT LICENSING REGULATIONS 1994 | ||
| 650 | _aCONSULTATION | ||
| 650 | _aAMENDMENTS | ||
| 650 | _aLAND SPREADING | ||
| 690 | _aENVIRONMENTAL AND LAND CONSULTANCY-WASTE MANAGEMENT | ||
| 942 | _n0 | ||
| 999 |
_c71792 _d71792 |
||